00517nam a22002057a 450000500170000001000110001702000100002803500110003803700160004904000120006508200110007710000210008824500760010926000310018527000300021630000210024665000170026765000100028470000170029420170124110127.0 a753993 c00.00 a753993 aCen Lib/Ret aDPLbEN aNbCEN aCendrars, Blaise aTo the end of the world /cby Baise Cendrars; translated by Alan Brown  aLondon bPeter owen c1966 bLondon a12 Kendrick Mews a251p. c19cm(Hb) a literature  aNovel aBrown, Alan